1882 1168 1109 1202 1592 1035 1364 1804 1628 1107 1233 1404 1502 1081 1730 1834 1339 1482 1213 1424 1766 1822 1805 1429 1902 1174 1008 1803 1518 1270 1176 1859 1106 1965 1025 1124 1849 1922 1572 1086 1888 1609 1840 1406 1296 1605 1780 1989 1805 1205 1341 1622 1276 1843 1895 1321 1189 1679 1341 1386 1761 1110 1455 1426 1051 1090 1962 1581 1257 1085 1352 1935 1337 1571 1698 1316 1949 1999 1525 1665 1056 1969 1468 1255 1974 1877 1748 1868 1425 1764 1396 1582 1506 1749 1005 1608 1168 1079 1126 BCNSPRNW ULIB Ver.6.0+V

เปลี่ยนเป็นภาษาไทย

Change to English
 แสดงรายละเอียดบรรณานุกรม
  กลับหน้าหลัก

Brief Record : Get Marc (ISO 2709) : E-mail record : QR code < ปิดหน้าต่าง
LEADER : 00000nam 2200000uu 4500
001    13399123198
003     ULIB
008    020711s2548 th a 000 0 tha d
020    9789742120634
020    9742120633
050    HD57.7^bช565บ
100    ชินน์. จอร์จ
245    บุคลิกภาพสู่ความเป็นผู้นำ /^cโดย ชินน์. จอร์จ ,นพดล เวชสวัสดิ์ ; แปล
250    พิมพ์ครั้งที่ 1
260    กรุงเทพฯ :^bซีเอ็ด,^c2548
300    468 หน้า;^b23 ซม.
650    บุคลิกภาพ
700    นพดล เวชสวัสดิ์ ,^eแปล
945    ^p250^l0^i20334
รายการนี้ยังไม่มีแท็ก
คุณยังไม่ได้ล็อกอิน คุณสามารถมีกิจกรรมร่วมกับเว็บไซต์ได้ แต่ต้องล็อกอินก่อน ::
  ล็อกอิน

รายการสื่อสารสนเทศ

ลำดับที่ ประเภท เลขเรียก/บาร์โค้ด สถานที่ สถานะ
1. การศึกษาทั่วไป
การศึกษาทั่วไป
HD57.7 ช565บ ฉ.1 
  Barcode: 20334
ห้องสมุดวิทยาเขตนครสวรรค์
►หนังสือทั่วไป:l:General Books
บนชั้น

รายการใกล้เคียง
    หัวเรื่อง [บุคลิกภาพ]

BibComment


ยังไม่เคยถูกคอมเมนท์

คอมเมนท์ทรัพยากรรายการนี้
  คอมเมนท์: บุคลิกภาพสู่ความเ..


 Copyright 2026. Bcnsprnw @Library